LEADER 01515nam a2200277 i 4500 001 000000165657 003 CaOOAMICUS 005 20251124143653.0 008 160113s1648 it u000 u ita u 013 $a143025 026 $as-l' laa, neli peco (3) 1648 (R) 040 $aSeMil$bita 100 1 $aGiarda, Cristoforo,$d<1595-1649>.$0(OLS)http://semarc/name/40582 245 10$aCompendio della vita del venerabil servo di Dio monsignor Francesco di Sales ... Libri quattro. Descritti da monsig. Christoforo Giarda de' chierici reg. di S. Paolo, vescovo di Castro. 260 $aIn Roma :$bAppresso Filippo de' Rossi,$c1648. 300 $a[32], 366, [2] p., [1] carta di tav. :$britr. ;$c4º. 500 $aSegn.: ?-2?8 A-Z8 500 $aRitratto calcogr. di S. Francesco di Sales a c. 2?8 sott. Spiritus G. in. et pinx., Cl. Goyrand sculp. 600 04$aFrancesco : di Sales .$0(OLS)http://semarc/subject/787 700 1 $aDe Rossi, Filippo,$c.$0(OLS)http://semarc/name/62481 850 $aSeMil 852 $aSeMil$W1$xVenegono$y1$m3J III 28 FA$j116844$B116844$CSeMilBibl$Z2$F127752 $8I 961 $aRecupero: Altro 996 $6245$aCompendio della vita del venerabil servo di Dio monsignor Francesco di Sales ... Libri quattro. Descritti da monsig. Christoforo Giarda de' chierici reg. di S. Paolo, vescovo di Castro$9(OLS)http://semarc/title/236536 996 $6260$aIn Roma :$bAppresso Filippo de' Rossi$9(OLS)http://semarc/publisher/48621 LEADER 01023nam a2200253 4500 001 000000364791 003 CaOOAMICUS 005 20251022105956.0 008 251022s2024 it 000 u ita r 020 $a978-88-11-01179-8 040 $aSeMil$bita 100 1 $aVitali, Alberto,$d<1964->.$0(OLS)http://semarc/name/67262 245 13$aIl sistema Vivacchia :$bi casi del maresciallo Ernesto Maccadò /$cAndrea Vitali. 264 1$aMilano :$bGarzanti,$c2024. 300 $a258 p. ;$c23 cm 490 1 $aNarratori moderni 830 0$aNarratori moderni.$0(OLS)http://semarc/title/7202 850 $aSeMil 852 $aSeMil$W1$xVenegono$y1$m1A IV 262$j263830$B255620$CSeMilBibl$Z2$F255620 $81 961 $aCaspani Maurizio - Lascito 996 $6020$a978-88-11-01179-8$9(OLS)http://semarc/number/304393 996 $6245$aIl sistema Vivacchia :$bi casi del maresciallo Ernesto Maccadò$9(OLS)http://semarc/title/456274 996 $6264$aMilano :$bGarzanti$9(OLS)http://semarc/publisher/29852